Electric wiring: : domestic
| Main Author: | |
|---|---|
| Format: | Book |
| Language: | English |
| Published: |
Amsterdam,UK. :
Elservier Ltd ,
2008
|
| Edition: | 13th ed. |
| Subjects: |
MARC
| LEADER | 00000cam a2200000 7i4500 | ||
|---|---|---|---|
| 001 | 0000024339 | ||
| 005 | 20120510.0 | ||
| 008 | 120502s at de a eng | ||
| 020 | |a 9780750687355 , |c RM83.00 | ||
| 040 | |a INS | ||
| 090 | 0 | 0 | |a TK3285 |b S33 2008 |
| 100 | 1 | |a Scaddan,Brian | |
| 245 | 1 | 0 | |a Electric wiring: : |b domestic |c Brian,Scaddan |
| 250 | |a 13th ed. | ||
| 260 | |a Amsterdam,UK. : |b Elservier Ltd , |c 2008 | ||
| 300 | |a viii,146p. : |b ill. ; |c 21cm. | ||
| 500 | |a Includes index | ||
| 650 | 0 | |a Electric wiring, Interior |v Handbooks, Manuals, Etc. | |
| 999 | |a 1000000848 |b BOOK |c Open Shelf |e Default branch | ||